00405pab a2200133 454500008004000000100001800040245009400058260000900152300001600161362001100177650003300188650001600221773003400237180718b2007 xxu||||| |||| 00| 0 eng d aKumar, Parmod aContract farming through agribusiness firms and state corporation: a case study in Punjab c2007 ap.5367-375. a30 Dec aAgriculture - India - Punjab aAgriculture aEconomic and Political Weekly